• 首页
  • 本馆介绍
  • 公告通知
  • 最新文献
  • 馆藏检索
  • 电子资源
  • 读者导购
  • 参考咨询
  • 我的图书馆
  • 登录
  • 详细信息显示
  • 放入我的书架
  • 预约/预借图书
  • 作者相关作品
  • 分类相关作品
  • 丛书相关作品
  • 出版社相关作品

书目信息

  • 表格格式
  • 工作单格式
  • 卡片格式
题名:
除草剂使用技术
    
 
作者: 唐韵 主编
分册:  
出版信息: 北京   化学工业出版社  2010
页数: 368页
开本: 21cm
丛书名:
单 册:
中图分类: S482.4
科图分类:
主题词: 除草剂--农药施用--基本知识 , 除草剂 , 农药施用
电子资源:
ISBN: 978-7-122-09348-6
000 00841nam0 2200253 45
001 1132068562
005 20110314092032.95
010    @a978-7-122-09348-6@dCNY32.00
100    @a20110122d2010 em y0chiy50 ea
101 0  @achi
102    @aCN@b110000
105    @ay z 000yy
106    @ar
200 1  @a除草剂使用技术@AChu Cao Ji Shi Yong Ji Shu@f唐韵主编@FTang Yun Zhu Bian
210    @a北京@c化学工业出版社@d2010
215    @a368页@d21cm
330    @a本书介绍了目前广泛应用的211个除草剂单剂品种的通用名称、其他名称、结构式、分子式、CAS登录号、产品特点、适用作物、防除对象、使用技术、混用配方以及注意事项等内容。
606 0  @a除草剂@x农药施用@x基本知识
606 0  @a除草剂
606 0  @a农药施用
690    @aS482.4@v4
701  0 @a唐韵@ATang Yun@4主编
801  0 @aCN@bTANGWEI@c20110314
905    @b0532256-60@dS482.4@e77@f5
    
    除草剂使用技术/唐韵主编.-北京:化学工业出版社,2010
    368页;21cm
    
    
    ISBN 978-7-122-09348-6:CNY32.00
    本书介绍了目前广泛应用的211个除草剂单剂品种的通用名称、其他名称、结构式、分子式、CAS登录号、产品特点、适用作物、防除对象、使用技术、混用配方以及注意事项等内容。
●
相关链接 在E读中查询图书 在五车中查询图书 在当当中查询图书 在豆瓣中查询图书


正题名:除草剂使用技术     索取号:S482.4/77         预约/预借

序号 登录号 条形码 馆藏地/架位号 状态 备注
1 0532256   205322569   第二样本阅览室/ [索取号:S482.4/77] 在馆    
2 0532257   205322578   密集书库-生命科学系/ [索取号:S482.4/77] 在馆    
3 0532258   205322587   第三借阅区/ [索取号:S482.4/77] 在馆    
4 0532259   205322596   第三借阅区/ [索取号:S482.4/77] 在馆    
5 0532260   205322603   第三借阅区/ [索取号:S482.4/77] 在馆    
唐山师范学院图书馆 欢迎您!
大连网信软件有限公司© 版权所有